|
|
|
|
| LEADER |
00935nam a2200265 a 4500 |
| 001 |
4499152 |
| 008 |
100110s1997 enka b 001 0 eng d |
| 010 |
|
|
|a \\\97180623
|
| 020 |
|
|
|a 0415110742
|
| 020 |
|
|
|a 0415110750 (pbk.)
|
| 040 |
|
|
|a UkCoU
|c UkCoU
|d WaS
|d DLC
|d BD-DhAAL
|
| 082 |
0 |
0 |
|a 320
|2 21
|
| 245 |
0 |
0 |
|a Politics :
|b an introduction /
|c Barrie Axford ... [et al.].
|
| 260 |
|
|
|a London ;
|a New York :
|b Routledge,
|c 1997.
|
| 300 |
|
|
|a xi, 532 p. :
|b ill. ;
|c 25 cm.
|
| 504 |
|
|
|a Includes bibliographical references (p. 515-526) and index.
|
| 541 |
1 |
|
|e 00014557
|
| 650 |
|
0 |
|a Political science.
|
| 700 |
1 |
|
|a Axford, Barrie.
|
| 700 |
1 |
|
|a Browning, Gary K.
|
| 700 |
1 |
|
|a Huggins, Richard.
|
| 700 |
1 |
|
|a Rosamond, Ben.
|
| 852 |
4 |
|
|a Ayesha Abed Library
|j General shelf
|
| 999 |
|
|
|c 6827
|d 6827
|
| 952 |
|
|
|0 0
|1 0
|2 ddc
|4 0
|6 320_POL_200200000000000
|7 0
|9 7034
|a BRACUL
|b BRACUL
|c GEN
|d 2010-01-11
|l 0
|o 320 POL
|p 3010014557
|r 2010-01-11
|t 1
|w 2010-01-11
|y BK
|